[Event "Coimbra Queima das Fitas op"]
[Site "Coimbra"]
[Date "2016.04.23"]
[Round "3"]
[White "Silva, Miguel Antonio Neto"]
[Black "Felizes, Paulo Alberto"]
[Result "1-0"]
[WhiteElo "2180"]
[BlackElo "1886"]
[PlyCount "65"]
[EventDate "2016.04.22"]
[EventType "swiss"]
[EventRounds "7"]
[EventCountry "POR"]
[SourceTitle "CBM 172 Extra"]
[Source "ChessBase"]
[SourceDate "2016.06.21"]
[SourceVersion "1"]
[SourceVersionDate "2016.06.21"]
[SourceQuality "1"]

1. d4 Nf6 2. c4 c5 3. d5 b5 4. cxb5 e6 5. Nc3 exd5 6. Nxd5 Bb7 7. e4 Nxd5 8. exd5 Qe7+ 9. Be2 Qe4 10. Nf3 Qxd5 11. Qxd5 Bxd5 12. 0-0 Be7 13. Re1 Be6 14. Ng5 a5 15. Bf3 Ra7 16. Bf4 0-0 17. Rac1 h6 18. b6 Ra6 19. Nxe6 fxe6 20. Bc7 a4 21. Rcd1 c4 22. b7 a3 23. bxa3 Rxa3 24. Bxb8 Rxb8 25. Rxd7 Bg5 26. h4 Bxh4 27. Rc7 Rd3 28. Rxe6 Bg5 29. Rc8+ Rd8 30. Rxd8+ Bxd8 31. Kf1 c3 32. Ke2 c2 33. Kd2 1-0

[Event "Coimbra Queima das Fitas op"]
[Site "Coimbra"]
[Date "2016.04.22"]
[Round "1"]
[White "Pereira, Carolina Nobre"]
[Black "Felizes, Paulo Alberto"]
[Result "0-1"]
[WhiteElo "1199"]
[BlackElo "1886"]
[PlyCount "54"]
[EventDate "2016.04.22"]
[EventType "swiss"]
[EventRounds "7"]
[EventCountry "POR"]
[SourceTitle "EXT 2018"]
[Source "ChessBase"]
[SourceDate "2017.10.13"]
[SourceVersion "1"]
[SourceVersionDate "2017.10.13"]
[SourceQuality "1"]

1. e4 e5 2. Nf3 Nc6 3. Bc4 Nf6 4. d3 Be7 5. 0-0 0-0 6. Nc3 d6 7. h3 Na5 8. Bb5 c6 9. Ba4 b5 10. Bb3 Nxb3 11. axb3 b4 12. Ng5 bxc3 13. bxc3 h6 14. Nf3 Nh7 15. Nh2 f5 16. d4 fxe4 17. Qe2 d5 18. Re1 exd4 19. cxd4 Ng5 20. Qh5 Rf5 21. Re3 Nf3+ 22. Nxf3 Rxh5 23. c4 exf3 24. gxf3 Bxh3 25. Ba3 Bxa3 26. Rxa3 Qg5+ 27. Kh2 Bf1# 0-1

[Event "Figueira da Foz op 9th"]
[Site "Figueira da Foz"]
[Date "2015.11.21"]
[Round "1"]
[White "Felizes, Paulo Alberto"]
[Black "Petkov, Vladimir"]
[Result "0-1"]
[WhiteElo "1933"]
[BlackElo "2475"]
[PlyCount "45"]
[EventDate "2015.11.21"]
[EventType "swiss"]
[EventRounds "9"]
[EventCountry "POR"]
[SourceTitle "CBM 169 Extra"]
[Source "ChessBase"]
[SourceDate "2015.12.18"]
[SourceVersion "1"]
[SourceVersionDate "2015.12.18"]
[SourceQuality "1"]

1. d4 Nf6 2. Bg5 d5 3. Bxf6 exf6 4. c4 dxc4 5. e3 Be6 6. Nc3 c6 7. Nge2 Bd6 8. e4 Qb6 9. Qd2 0-0 10. f4 f5 11. d5 cxd5 12. exd5 Bd7 13. 0-0-0 Na6 14. Nd4 Nb4 15. g3 Rac8 16. a3 Na6 17. Qc2 Nc5 18. h3 Rfe8 19. Rh2 Nb3+ 20. Nxb3 cxb3 21. Qd2 Qa5 22. Kb1 Bxa3 23. d6 0-1

[Event "Coimbra Queima das Fitas op"]
[Site "Coimbra"]
[Date "2015.05.03"]
[Round "6"]
[White "Felizes, Paulo Alberto"]
[Black "Calzada Cruz, Osvaldo"]
[Result "1-0"]
[WhiteElo "2010"]
[BlackElo "1851"]
[PlyCount "99"]
[EventDate "2015.04.30"]
[EventType "swiss"]
[EventRounds "7"]
[EventCountry "POR"]
[SourceTitle "EXT 2018"]
[Source "ChessBase"]
[SourceDate "2017.10.13"]
[SourceVersion "1"]
[SourceVersionDate "2017.10.13"]
[SourceQuality "1"]

1. d4 f5 2. h3 Nf6 3. g4 e6 4. gxf5 exf5 5. Bg5 h6 6. Bxf6 Qxf6 7. Nc3 Bb4 8. Qd3 Qc6 9. Nf3 Bxc3+ 10. bxc3 d6 11. Bg2 Qd7 12. 0-0 Nc6 13. Nh4 g5 14. Qe3+ Kd8 15. Nf3 f4 16. Qd2 Qg7 17. d5 Ne7 18. Qd4 Qf8 19. e4 g4 20. hxg4 Bxg4 21. Nh2 f3 22. Nxg4 fxg2 23. Rfe1 Rg8 24. Qf6 Qxf6 25. Nxf6 Rg6 26. Nh5 Rg5 27. Nf4 Kd7 28. Re3 Rag8 29. Rh3 Re5 30. Re1 c6 31. dxc6+ bxc6 32. Rxh6 d5 33. Nd3 Reg5 34. Nc5+ Ke8 35. exd5 cxd5 36. Ne6 R5g6 37. Rh7 Kd7 38. Nf4 R6g7 39. Rxg7 Rxg7 40. Nxg2 Kd6 41. f4 Nf5 42. Kf2 Rc7 43. Ne3 Nxe3 44. Rxe3 Rc4 45. f5 Rf4+ 46. Rf3 Rh4 47. f6 Rh8 48. f7 Rf8 49. Ke3 Kc5 50. Rf4 1-0

[Event "Coimbra Queima das Fitas op"]
[Site "Coimbra"]
[Date "2015.05.01"]
[Round "3"]
[White "Felizes, Paulo Alberto"]
[Black "Bartolo, Diogo"]
[Result "1-0"]
[WhiteElo "2010"]
[BlackElo "1297"]
[PlyCount "59"]
[EventDate "2015.04.30"]
[EventType "swiss"]
[EventRounds "7"]
[EventCountry "POR"]
[SourceTitle "EXT 2018"]
[Source "ChessBase"]
[SourceDate "2017.10.13"]
[SourceVersion "1"]
[SourceVersionDate "2017.10.13"]
[SourceQuality "1"]

1. d4 d5 2. Bg5 h6 3. Bh4 g5 4. Bg3 Bg7 5. e3 Nc6 6. c4 Nf6 7. Nc3 Bf5 8. cxd5 Nxd5 9. Qb3 Ndb4 10. Rc1 a5 11. a3 Be6 12. Qd1 Nd5 13. Bd3 Nxc3 14. bxc3 f5 15. h4 g4 16. Ne2 Bd5 17. Nf4 Bf7 18. Bxf5 h5 19. Ne6 Bxe6 20. Bxe6 Rh6 21. Qb3 a4 22. Qa2 Ra6 23. 0-0 Rf6 24. d5 Na5 25. Be5 Rfxe6 26. dxe6 Bxe5 27. Rcd1 Bd6 28. Qc2 Qc8 29. Qg6+ Kf8 30. Qf7# 1-0